A history of everyday things in England / (Record no. 93403)

MARC details
000 -LEADER
campo de control de longitud fija 00615nam a2200181 i 4500
001 - NÚMERO DE CONTROL
campo de control 93403
003 - IDENTIFICADOR DE NÚMERO DE CONTROL
campo de control ES-MaACL
005 - FECHA Y HORA DE LA ÚLTIMA TRANSACCIÓN
campo de control 20230906181213.0
007 - CAMPO FIJO DE DESCRIPCIÓN FÍSICA--INFORMACIÓN GENERAL
campo de control de longitud fija t|
008 - DATOS DE LONGITUD FIJA--INFORMACIÓN GENERAL
campo de control de longitud fija 050526s1920 xxk |||| | eng d
100 1# - ENTRADA PRINCIPAL--NOMBRE DE PERSONA
Nombre de persona Quennell, Marjorie.
9 (RLIN) 94517
245 12 - MENCIÓN DEL TÍTULO
Título A history of everyday things in England /
Mención de responsabilidad, etc. written and illustred by Marjorie and C.H.B. Quennell.
260 ## - PUBLICACIÓN, DISTRIBUCIÓN, ETC.
Lugar de publicación, distribución, etc. [S.l. :
Nombre del editor, distribuidor, etc. s.n.],
Fecha de publicación, distribución, etc. 1920 (
Lugar de fabricación/manufactura Edinburgh :
Fabricante Morrison and Gibb)
300 ## - DESCRIPCIÓN FÍSICA
Extensión 2 t. en 1 v. :
Otras características físicas il. ;
Dimensiones 23 cm.
651 #4 - PUNTO DE ACCESO ADICIONAL DE MATERIA--NOMBRE GEOGRÁFICO
Nombre geográfico Inglaterra-
Subdivisión general Usos y costumbres.
9 (RLIN) 8845
700 1# - ENTRADA AGREGADA--NOMBRE PERSONAL
Nombre de persona Quennell, Charles Henry Bourne.
9 (RLIN) 94516
852 ## - LOCALIZACIÓN
Ubicación ES-MaACL
Número de control de estantería F-5517
Holdings
Estatus retirado Estado de pérdida Estado de daño No para préstamo Biblioteca de origen Biblioteca actual Ubicación en estantería Fecha de adquisición Fuente de adquisición Total de préstamos Signatura topográfica completa Código de barras Visto por última vez Precio de reemplazo Tipo de ítem Koha
        Biblioteca del Ateneo de Madrid Biblioteca del Ateneo de Madrid Depósito 2 17/01/2008     F-5517 1097513 23/02/2023 23/02/2023 Libro impreso